00435 2200169 4500001002100000008004100021035002000062245004300082100001900125260002800144300002400172020002200196084001400218082000800232650001000240990001500250INLIS000000000003280 ind  a0010-1225000101 aAku Ini Binatang JalangcChairil Anwar aAnwar, Chairil aJakartabGramediac2024 a131 hlmc14 x 21 cm a978-602-03-3244-4 a813 CHA a a813 aFiksi a19755/B/26